[Event "Baden Wuerttemberg-chT U12"]
[Site "Burg Ortenberg"]
[Date "2018.06.23"]
[Round "2.3"]
[White "Fischer, Darja"]
[Black "Weide, Julian"]
[Result "1-0"]
[WhiteElo "1384"]
[BlackElo "1155"]
[PlyCount "91"]
[EventDate "2018.06.23"]
[EventType "team-tourn"]
[EventRounds "5"]
[EventCountry "GER"]
[SourceTitle "EXT 2019"]
[Source "ChessBase"]
[SourceDate "2018.10.10"]
[SourceVersion "1"]
[SourceVersionDate "2018.10.10"]
[SourceQuality "1"]
[WhiteTeam "Karlsruhe U12"]
[BlackTeam "Bebenhausen U12"]
[WhiteTeamCountry "GER"]
[BlackTeamCountry "GER"]

1. e4 c5 2. Nf3 Nc6 3. d4 cxd4 4. Nxd4 g6 5. Nc3 Bg7 6. Be3 Nf6 7. Bc4 Nxe4 8. Nxe4 d5 9. Bb5 dxe4 10. Nxc6 Qxd1+ 11. Rxd1 Bd7 12. Nd4 Bxb5 13. Nxb5 0-0 14. c3 b6 15. 0-0 h6 16. Rd7 e6 17. Rxa7 Rab8 18. Rd7 Ra8 19. Ra7 Rab8 20. Rd1 Rbd8 21. Rdd7 Kh7 22. h3 Rxd7 23. Rxd7 Kg8 24. Bxb6 Rb8 25. Rd8+ Rxd8 26. Bxd8 Be5 27. Bc7 Bf6 28. Kf1 Kg7 29. Ke2 Bg5 30. a4 f5 31. a5 f4 32. a6 f3+ 33. gxf3 exf3+ 34. Kxf3 h5 35. a7 Bf6 36. a8Q g5 37. Qe8 Kh6 38. Qf8+ Kg6 39. Bd8 g4+ 40. hxg4 hxg4+ 41. Kf4 g3 42. Qxf6+ Kh7 43. fxg3 Kg8 44. Nc7 Kh7 45. Nxe6 Kg8 46. Qg7# 1-0